000 00387nam a2200157Ia 4500
008 230524s9999 xx 000 0 und d
082 _a604.2
_bBEL
100 _aJames W.Belthune
245 0 _aEngineering Graphics with Autocad 2002
250 _a1ST
260 _aSINGAPORE
_bPearson
_c2003
300 _aXII;729
500 _aQuantity Number: 2
650 _aComp-Sc
942 _cBK
999 _c11398
_d11398